00462nam a2200181Ia 4500008004100000020001400041050001400055100002500069245002700094245005900121260001500180260001600195260000900211300001500220300002700235300001000262500000800272170918s9999 xx 000 0 und d a590637541 bG198 1950 aGannett, Ruth Stiles aElmer and the dragon / cRuth Stiles Gannett ; illustrated by Chrisman Gannett. aNew York : bScholastic, c1950 a77 pages : bcolored illustration ; c19cm. a800